000 00539nam a2200169Ia 4500
008 090711s9999 xx 000 0 und d
082 _b30588
100 _aमंगळवेढेकर राजा
245 _aकथा आणि कथाकथन
260 _c1971
300 _a216
600 _aमंगळवेढेकर राजा
630 _aकथा आणि कथाकथन
700 _aमंगळवेढेकर राजा
730 _aकथा आणि कथाकथन
942 _cBOOK
999 _c315439
_d315439